000 00270nam a2200121Ia 4500
008 190216s9999||||xx |||||||||||||| ||und||
100 _aPeter Emmens
245 0 _aHaunted Island
260 _bLongmans
_c1964
300 _a48p
650 _aSpeeches
942 _cBK
999 _c11786
_d11786